Jubilujúca Levoča

Podrobná bibliografia
Hlavný autor: Dlugoš, František (Author)
Médium: Článok
Jazyk:Slovak
Témy:
Zdroj: 1. Katolícke noviny 1. Roč. 114, č. 9(1999), dát. 43, s. 19
LEADER 00790nab#a2200325#ar4500
001 000032613
003 SVKKK
005 00000000000000.0
008 c xo e sloo
FMT
038 |a SVKKK 
040 |a SVKKK  |b slo  |e AACR2 
041 0 |a slo 
044 |a xo  |c SK 
080 |a 90  |2 1981 
080 |a 943.7  |2 1981 
100 1 |a Dlugoš, František  |4 aut 
245 1 0 |a Jubilujúca Levoča  |c Dlugoš František, 
300 |b Fotogr 
650 0 4 |a Levoča-mesto  |x výročie založenia 750. 
650 0 4 |a dejiny cirkevné 
650 0 4 |a osobnosti  |x štúdie 
773 0 |t Katolícke noviny  |g Roč. 114, č. 9(1999), dát. 43, s. 19 
957 |a Levoča 
958 |a LE 
974 |d 991215  |a SAB 
992 |a RBX 
BAS
852 |a SVKKK  |b BIB 
998 |a REG